000 01655nam a22002297a 4500
005 20150907140222.0
008 150907s1919 ck ||||fr|||| 00| 0 spa d
040 _cSandra Yazo
_dSandra Yazo
041 0 _aspa
082 _220
_a801.95
092 _aE36N055
100 1 _971279
_aVega, Fernando de la
_d1892-
245 1 0 _aAlgo de crítica
_cFernando de la Vega ; con prólogo de Enrique José Varona
260 _aBogotá (Cundinamarca)
_bCasa editorial de Arboleda & Valencia
_c1919
300 _axii, 242 páginas
_c18 x 13 cm.
500 _aDetalles físicos: Encuadernación flexible en cartulina. Lomo y tapa delantera con datos de publicación impresos en una orla decorativa sencilla. Anteportada con una anotación manuscrita. Retrato del autor. Portada impresa en una sola tinta. Texto en una columna. Varias páginas a un sin refilar. Bordes de hojas rasgados. Papel con manchas de humedad. Ej.2 Notorio deterioro en bordes de hojas y lomo desprendido.
505 0 _aPrologo ; Homenaje a Galdós, Electra ; La decadencia en el teatro español ; Un nuevo académico ; Canalejas ; José Tallaví ; Echegaray ; El padre Coloma ; Núñez, poeta ; Darío ; Teatro nacional – Como los muertos ; Notas marginales ; Gómez Restrepo (Breves apuntes) ; La estatua de Caro ; Pérez Triana ; Un precursor – A Enrique José Varona – En la habana ; Rodó ; Poesías de Rafael Pombo ; Un cuaderno de Versos ; Rivas Groot, novelista ; Don Pedro de Heredia (Discurso) ; Mirada a Santa Teresa
506 _aConsulta en sala
650 7 _912204
_aCrítica literaria
690 _942859
_aLiteratura
942 _2LOCAL
_cLIBRO
_e1
_hE36N055
999 _c301134
_d301134